000 00839cab a2200253 4500
001 ABS56886
008 090401t1997 xxu||||| |||| 00| 0 eng d
035 _a(Sirsi) u77920
041 _aeng
245 _aItaly
260 _c1997
350 _a0
490 _aEuroProperty
_v5(10) April 1997, 19-27(7)
520 _aReview of the Italian property market, which is emerging from the shadow of corruption scandals and the recession which have plagued the industry throughout the 1990s.
650 _aFOREIGN INVESTORS
650 _aINVESTMENT MARKET
650 _aITALY
650 _aMILAN
650 _aPROPERTY-COMMERCIAL PROPERTY-OFFICE PROPERTY-OFFICE PROPERTY MARKET
650 _aPROPERTY-COMMERCIAL PROPERTY-RETAIL PROPERTY-RETAIL PROPERTY MARKET
690 _aOVERSEAS-EUROPE
942 _n0
948 _c25/04/1997
999 _c49001
_d49001